La Validez del problema regional /
Gespeichert in:
| 1. Verfasser: | |
|---|---|
| Weitere Verfasser: | |
| Format: | Text |
| Veröffentlicht: |
Guatemala:
ICADIS
|
| Tags: |
Tag hinzufügen
Keine Tags, Fügen Sie den ersten Tag hinzu!
|
MARC
| LEADER | 00000 a a2200000 04500 | ||
|---|---|---|---|
| 001 | 23723 | ||
| 003 | |||
| 040 | |||
| 090 | |a 167100 | ||
| 100 | |a Molina Woolford, Carlos | ||
| 245 | |a La Validez del problema regional / |c Carlos Molina Woolford | ||
| 260 | |a Guatemala: |b ICADIS | ||
| 300 | |a 86 p. | ||
| 700 | |a et. al | ||
| 999 | |c 5931 |d 5931 | ||
